| 000 | 00388nam a2200157Ia 4500 | ||
|---|---|---|---|
| 008 | 240729s9999 xx 000 0 und d | ||
| 022 | _a2311-7524 | ||
| 245 | 0 | _aHorticulturae | |
| 260 | _aSwitzerland | ||
| 260 | _bMDPI AG | ||
| 650 | _a Plant culture | ||
| 650 | _aAgriculture | ||
| 856 | _uhttps://doaj.org/toc/80b3af198f4147d1999671c62a7f86ba | ||
| 942 | _2ddc | ||
| 942 | _cDOAJEJ | ||
| 999 |
_c74446 _d74446 |
||
| 945 |
_a1 _bMadushi Gamage _c1 _dMadushi Gamage |
||